Estadísticas para Mapa de Ciudades de Canadá

Haz click aquí para intentar la prueba.

Estadísticas generales

  • Esta prueba ha sido intentada 664 veces
  • La puntuación promedio es 11 de 21

Respuestas en el mapa

Las respuestas están codificadas por una escala verde-roja en el mapa de la prueba según el % correcto abajo.
 

Estadísticas de respuestas

Respuesta% Correcto
Toronto
77%
Vancouver
72%
Montreal
70%
Ottawa
70%
Quebec
70%
Calgary
63%
Edmonton
56%
Victoria
55%
Halifax
54%
Iqaluit
54%
Winnipeg
54%
Yellowknife
54%
Regina
48%
Thunder Bay
48%
San Juan
47%
Whitehorse
46%
Charlottetown
44%
Windsor
43%
Sault Ste.
Marie
41%
Churchill
39%
Fort
McMurray
39%

Distribución de puntuación

Porcentaje por número respondido

Porcentaje de gente con cada puntuación

Historial de tus puntuaciones

No has intentado esta prueba.